000 01518nam a2200301 4500
001 396
003 OSt
005 20250414160931.0
008 250414b |||||||| |||| 00| 0 eng d
020 _a9788563270245
040 _bpor
041 _hger
_apor
082 _a150.195
_bF889i
100 _aFreud, Sigmund
_d1856- 1939
_9845
240 _aDie Traumdeutung
245 _aA Interpretação dos Sonhos /
_cFreud, Sigmund ; Tradução de Walderedo Ismael de Oliveira
260 _aSão Paulo
_bFolha de S. Paulo
_c2010
300 _a462 p.
520 _aProcurando a causa da dor psíquica, Freud sai em busca de suas possíveis origens. Comportamentos fora de padrão, durante vigília ou sono, intrigam a todos. Desde que o mundo é mundo, a história e a mitologia dos povos procura desvendar a razão dessas irracionalidades. Escolhendo interpretar os sonhos em vez de decifrá-los, Freud dá um grande passo. Ao mudar o foco de “o que se sonha” para “por que se sonha”, inicia-se o percurso que terminará na elaboração do conceito de inconsciente. Em “A Interpretação dos Sonhos”, já se vislumbra a teoria psicanalítica da compreensão dos mistérios da mente.
650 0 _aPsicanálise
_9839
650 0 _aFreud, Sigmund – Teorias
_9840
650 0 _aPsicologia dos sonhos
_9846
650 0 _aComportamento humano
_9847
655 0 _aNão Ficção
_9102
655 0 _aTécnico-científico
_9835
700 _aWalderedo Ismael de Oliveira
_eTRADUTOR
_9848
942 _2ddc
_n0
_cBK
999 _c396
_d396